Microbial diversity in time and space / (Registro nro. 1307)
[ vista simple ]
| 000 -CABECERA | |
|---|---|
| Campo de control | 00986cam a2200241 i 4500 |
| 005 - FECHA Y HORA DE LA ULTIMA TRANSACCION | |
| Campo de control | 20160130160415.0 |
| 008 - ELEMENTOS DE LONGITUD FIJA—INFORMACION GENERAL | |
| Campo de control | 960315s1996 nyua b 101 0 eng |
| 020 ## - ISBN | |
| ISBN | 0306451948 |
| 040 ## - FUENTE DE CATALOGACIÓN | |
| Agencia catalogadora original | DLC |
| Agencia transcriptora | DLC |
| Agencia Modificadora | DLC |
| -- | CO-BoIAVH |
| 041 ## - IDIOMA | |
| Código de idioma para texto/pista de sonido o título separado | Inglés |
| 082 04 - NUMERO DE CLASIFICACION DECIMAL DEWEY | |
| Número de clasificación | 576 |
| Número del ítem | M62m |
| 111 2# - ASIENTO PRINCIPAL--NOMBRE DE REUNION | |
| Nombre de reunión o de jurisdicción como elemento de entrada | International Symposium on the Microbial Diversity in Time and Space |
| Fecha de la reunión | (1994: |
| Lugar de la reunión | Tokyo, Japan) |
| 9 (RLIN) | 55904 |
| 245 10 - MENCION DE TITULO | |
| Título | Microbial diversity in time and space / |
| Mención de responsabilidad | edited by R.R. Colwell, Usio Simidu, Kouichi Ohwada. |
| 260 ## - PUBLICACION, DISTRIBUCION, ETC. (PIE DE IMPRENTA) | |
| Lugar de publicación, distribución, etc. | New York : |
| Nombre del editor, distribuidor, etc. | Plenum Press, |
| Fecha de publicación, distribución, etc. | c1996. |
| 300 ## - DESCRIPCION FISICA | |
| Extensión | viii, 172 páginas ; |
| Dimensiones | 26 cm. |
| 504 ## - NOTA DE BIBLIOGRAFIA, ETC. | |
| Nota de bibliografía | Incluye referencias bibliográficas e índice. |
| 650 14 - ASIENTO SECUNDARIO DE MATERIA - TERMINO TEMATICO | |
| Término temático o nombre geográfico como elemento de entrada | Diversidad bacteriana |
| Subdivisión general | Congresos, conferencias, etc. |
| 9 (RLIN) | 55905 |
| 700 1# - ASIENTO SECUNDARIO - NOMBRE PERSONAL | |
| Nombre personal | Colwell, Rita R., |
| Fechas asociadas con el nombre | 1934-, |
| Término de relación | editor. |
| 9 (RLIN) | 55906 |
| 700 1# - ASIENTO SECUNDARIO - NOMBRE PERSONAL | |
| Nombre personal | Simidu, Usio, |
| Término de relación | editor. |
| 9 (RLIN) | 55907 |
| 700 1# - ASIENTO SECUNDARIO - NOMBRE PERSONAL | |
| Nombre personal | Ohwada, Kouichi, |
| Término de relación | editor. |
| 9 (RLIN) | 11717 |
| 856 41 - LOCALIZACION Y ACCESO ELECTRONICOS | |
| Especificación de los materiales | Tabla de contenido |
| Identificador Uniforme del Recurso | http://www.loc.gov/catdir/enhancements/fy0813/96013455-t.html |
| 942 ## - ELEMENTOS ADICIONALES (KOHA) | |
| Sistema de clasificación | Dewey Decimal Classification |
| Tipo de ítem | Libro |
| Withdrawn status | Lost status | Sistema de Clasificación | Damaged status | No para préstamo | Colección | Inventariado | Ubicación Permanente | Ubicación actual | Fecha de adquisición | Fuente de Valor | Valor | Total Checkouts | Número topográfico | Inventario / Código de Barras | Date last seen | Ejemplar | Price effective from | Forma de adquisición | Tipo de material |
|---|---|---|---|---|---|---|---|---|---|---|---|---|---|---|---|---|---|---|---|
| Dewey Decimal Classification | General | Inventariado 2017 | Bogotá | Bogotá | 05/05/1999 | Instituto | 39000.00 | LB-576 M62m | 001757 | 04/12/2012 | Ej. 1 | 04/12/2012 | Compra | Libro |